000 00435 a2200133 4500
001 ART_37713
005 20260410161605.0
008 260409a
245 1 0 _aCuestiones particulares de medición y exposición en la producción porcina
100 1 _aSimaro, Gustavo
700 1 _aPicabea, Agustín
700 1 _aTorchelli, Valeria
773 0 _tProfesional & Empresaria
_g- Año XVII, Nº 199 (abr. 2016)
_wREV70
999 _c10060
_d10060